000 00700nam a22001577a 4500
003 LRUA
005 20200207140129.0
008 200207b xxu||||| |||| 00| 0 eng d
040 _cRUA
082 _aAVM KHO B658 Or.1
100 _914164
_aKHON SINDAT ខុន​​ ​ស៊ីណាត​
245 _aa case of fattening pig disease in sreng houng farm at punhea kreak district; tboung kmum provinc ករណីជំងឺជ្រូកសាច់ នៅកសិដ្ឋាន​ស្រេង ​ហួង ស្រុកពញាក្រែក​ ខេត្តត្ឡូងឃ្មុំ
260 _a​RUA
_b PHNOM PENH
300 _aix;37p
_bill;
_c29cm
942 _2ddc
_cAVM
999 _c18899
_d18899